Cerebro y aprendizaje: competencias e implicaciones educativas

保存先:
書誌詳細
第一著者: Jensen, Eric (著者)
フォーマット: 図書
言語:スペイン語
出版事項: Madrid NARCEA S. A de Ediciones 2010
版:1a. ed
主題:
タグ: タグ追加
タグなし, このレコードへの初めてのタグを付けませんか!

MARC

LEADER 00000cam a2200000 a 4500
001 UCC0819
003 CL-VaPUC
008 170908e20100000sp |||||||||||||||||spa|d
020 |a 9788427714373 
082 0 4 |a 612.825  |b JEN  |2 21 
100 |a Jensen, Eric  |e author  |9 594828 
245 1 0 |a Cerebro y aprendizaje: competencias e implicaciones educativas 
250 |a 1a. ed 
300 |a 181 p 
942 |c BK 
945 |d 20170908 13:53:00  |a dcastane 
260 |a Madrid  |b NARCEA S. A de Ediciones  |c 2010 
650 0 |a Cerebro   |9 307262 
650 0 |a Aprendizaje   |9 254827 
650 0 |a Neurología   |9 269802 
583 |a last modification  |c 20170908 13:53:00  |k Rodrigo Vera 
999 |c 369525  |d 369523 
952 |0 0  |1 0  |3 erb  |4 0  |6 612_825000000000000_JEN_2010  |7 0  |8 A  |9 485386  |a BIBEDU  |b BIBEDU  |i 5422132  |l 1  |o 612.825 JEN 2010  |p 5422132  |r 2022-12-09  |s 2022-11-07  |w 2019-11-24  |y BK  |z Catalogado en:20170908  |k EFI 
952 |0 0  |1 0  |3 erb  |4 0  |6 612_825000000000000_JEN_2010  |7 0  |8 A  |9 485387  |a BIBEDU  |b BIBEDU  |i 5422140  |l 2  |m 1  |o 612.825 JEN 2010  |p 5422140  |r 2023-06-14  |s 2023-05-31  |w 2019-11-24  |y BK  |z Catalogado en:20170908  |k EFI